000 00470nam a2200169 u 4500
005 20220819130949.0
008 090401s2003 r 000 0 eng d
020 _a8497650824
035 _aUPN01000170208
049 _aCG
050 4 _aPN6491
_bG7.2
245 0 3 _aEl gran libro de todos los refranes populares de España.
260 _aLa Coruña, Esp. :
_bEl arca de papel,
_c2003.
300 _a121 p.
650 0 _aProverbios españoles
_913839
905 _aLibro
999 _c142314
_d142314